000 00703nam a2200157 i 4500
001 184978
003 ES-MaACL
005 20230906222326.0
008 160301s1911 sp |||| | spa d
245 0 0 _aCausa contra Trinidad Alted Fornet, Emiliano Iglesias Ambrosio, Luis Zurdo de Olivares y Juana Ardiaca Mas por el delito de rebelión militar
_b: ocurrio el hecho desde el 26 al 31 de Julio de 1909....
260 _aMadrid :
_bSucesores de J.A. Garcia,
_c1911.
300 _a2 v. ;
_c29 cm.
594 _aPrecede al tít.: Plaza de Barcelona. Año 1909. Zona de Reclutamiento y Reserva de Barcelona número 27.
650 4 _aProcesos-
_zEspaña-
_y1902-1931.
_9158909
852 _aES-MaACL
_jG-3914-15
999 _c184978
_d184978